| 000 | 00494nam a22001577a 4500 | ||
|---|---|---|---|
| 003 | OSt | ||
| 005 | 20151118094604.0 | ||
| 008 | 151118b xxu||||| |||| 00| 0 eng d | ||
| 040 | _cRUA | ||
| 082 | _aFIS ហេង 1993 B153 Or.1 | ||
| 100 |
_93838 _aហេង សាម័យ |
||
| 245 | _aលក្ខណះជីវសាស្រ្ត និងការដំាដុះដើមច្រកែង, | ||
| 260 |
_aPhnom Penh _bRUA _c1993 |
||
| 300 |
_a57p. _bill. _c29cm. |
||
| 942 |
_2ddc _cFIS |
||
| 999 |
_c3570 _d3570 |
||